[Event "FIDE Chesscom Grand Swiss 2021"]
[Site "Riga"]
[Date "2021.10.30"]
[Round "4.47"]
[White "Kravtsiv, Martyn"]
[Black "Bartel, Mateusz"]
[Result "1/2-1/2"]
[WhiteElo "2625"]
[BlackElo "2597"]
[Annotator "TA"]
[PlyCount "204"]
[EventDate "2021.10.27"]
[EventType "swiss"]
[EventCountry "LAT"]
[Tiebreak "Cut1 Buchholz+Sonneborn-Berger (Swiss)"]
[SourceTitle "playchess.com"]
[Source "ChessBase"]
[SourceQuality "1"]

{[%evp 9,204,0,0,0,33,30,24,17,24,16,16,16,17,17,14,10,10,14,11,13,25,0,55,7,
10,10,13,7,12,21,20,27,33,18,66,64,77,39,52,0,0,0,0,0,0,-54,-54,-54,-50,-81,
-89,-81,-87,-85,-85,-90,-84,-93,-93,-93,-93,-93,-95,-152,-145,-154,-152,-470,
-548,-548,-531,-477,-293,-440,-455,-437,-370,-276,-302,-1701,-1278,-29948,
-12828,-6535,-4806,-29961,-4636,-4614,-84,-85,-85,-85,-85,-107,-85,-100,-100,
-122,-129,-136,0,0,0,0,0,0,0,0,0,0,0,0,0,0,0,0,0,0,0,0,0,0,0,0,0,0,0,0,0,0,0,0,
0,0,0,0,0,0,0,0,0,0,0,0,0,0,0,0,0,0,0,0,0,0,0,0,0,0,0,0,0,0,0,0,0,0,0,0,0,0,0,
0,0,0,0,0,0,0,0,0,0,0,0,0,0,0,0,0,0,0,0,0,0,0,0,0,0]} 1. e4 c6 2. d4 d5 3. e5
c5 4. dxc5 e6 5. a3 Bxc5 6. Nf3 {B12: Caro-Kann: Advance Variation.} a6 7. Bd3
Ne7 8. O-O {White has an edge.} Nbc6 9. b4 Ba7 10. Bb2 Ng6 11. Nbd2 Nf4 12. Nb3
{[#]} O-O $146 ({Predecessor:} 12... f6 13. Nc5 O-O 14. exf6 gxf6 15. Bc1 Nxd3
16. cxd3 b6 17. Nb3 Kh8 18. Bb2 Bd7 {1/2-1/2 (42) Yurov,A (2453)-Baer,L (2414)
ICCF email 2018}) 13. Qd2 Nxd3 14. cxd3 d4 15. Qf4 f6 ({Better is} 15... Qd5
$11 16. Nbxd4 Bd7) 16. exf6 ({Not} 16. Bxd4 $2 fxe5 17. Qe4 exd4 $19) (16.
Nfxd4 Nxe5 17. Qe4 Qd5 $11) 16... Rxf6 17. Qe4 {[%cal Rb3d4]} e5 18. Nxe5 Bf5
19. Nxc6 bxc6 20. Qe5 {[%cal Rb3d4]} Bxd3 21. Rfe1 {[%cal Rb2d4]} Bc4 22. Nc5
Bxc5 23. bxc5 Rg6 24. Bxd4 ({White should try} 24. Qxd4 $14 Bd5 25. g3) 24...
Bd5 $11 25. g3 Qh4 26. f3 $1 Rg5 27. Be3 {[#]} Qxh2+ $1 $15 28. Kxh2 Rxe5 29.
Bd4 Rh5+ 30. Kg2 Rf5 31. Re3 Raf8 {[%cal Rf5f3]} 32. Rf1 h5 33. Re7 R8f7 ({
Wrong is} 33... Bxf3+ $2 34. Rxf3 $1 {[%mdl 512]} R5f7 35. Rfxf7 $18) ({
Worse is} 33... Rxf3 34. Rxg7+ Kh8 35. Rxf3 $16) 34. Rxf7 Kxf7 $17 {[%mdl 4096]
Endgame KRB-KRB} 35. Kf2 g5 36. Kg1 (36. f4 $142) 36... Bxf3 37. Be3 Ke6 38.
Bxg5 $2 (38. Rb1 $17 {is a better chance.}) 38... Rxg5 $19 39. Rxf3 Rxc5 $17 {
KR-KR} 40. Rf4 Ra5 41. Rh4 (41. Kg2 $142) 41... Rf5 $19 42. Ra4 Kd5 43. Rxa6 {
[#]} c5 $1 44. Ra4 $2 (44. a4 Kd4 45. a5) 44... Rf8 45. Rh4 c4 46. Rxh5+ Kd4
47. Kg2 c3 48. g4 Rf1 $2 49. Kxf1 $17 {Intending Ke2 and mate. KR-KP} c2 50.
Kg2 {Threatening mate with Rh1.} c1=Q {KQ-KR} 51. Rf5 Ke4 (51... Qxa3 $2 52.
Rf3 $19) 52. a4 Qc2+ 53. Kg3 Qb3+ 54. Kh4 Qxa4 (54... Qb6 $17 55. Kh5 Qd8) 55.
Kg5 {The position is equal.} Qe8 (55... Qa1 {looks sharper.} 56. Rf4+ Ke3 57.
Rf5 Ke4) 56. Kh4 (56. Rf4+ {looks sharper.} Ke5 57. Rf5+ Ke6 58. Kh4 Qd7 59.
Kg5) 56... Qg6 (56... Qa4 {with more complications.}) 57. Kh3 (57. Rf1 {
is more complex.} Ke3 58. Rf5 Ke4) 57... Qh6+ 58. Kg3 $1 Qh1 59. Rf4+ Ke3 (
59... Kd3 {seems wilder.} 60. Rf3+ Kc2 61. Rf2+ Kb1 62. Rf5 Kc2) 60. Rf5 Qe1+
61. Kh3 {White threatens Re5+ and mate.} Ke4 62. Rf7 $1 {[%cal Rf7e7] White
wants to mate with Re7+.} Qc3+ (62... Qe3+ {seems wilder.} 63. Kh4 Qh6+ 64. Kg3
Qe3+ 65. Kh4) 63. Kh4 Qh8+ (63... Qa1 {is more complex.} 64. Rf5 Ke3 65. Kg3
Ke4 66. Kh4) 64. Kg3 Qb8+ (64... Qa1 {is more complex.} 65. Kh4 Qd4 66. Rf5
Qd8+ 67. Kg3 Qe8) 65. Kh4 Qh2+ (65... Qb1 {is more complex.} 66. Rf5 Ke3 67.
Kg3 Qg1+ 68. Kh4 Kd4) 66. Kg5 Ke5 (66... Qg1 {keeps more tension.} 67. Rf6 Qd1
68. Rf4+ Ke5 69. Rf5+ Ke6) 67. Rf5+ Ke6 68. Rf6+ Ke7 69. Rf3 Qg2 (69... Qh1 {
looks sharper.} 70. Rf5 Qc1+ 71. Kh5 Kd8 72. Kh4 Kc7) 70. Rf5 $1 Qh3 71. Kf4
Qh4 72. Kf3 Qh2 73. Rh5 $1 {[%cal Rh5h2]} Qb8 74. Rf5 $1 Ke6 75. Kg2 Qb3 76.
Kh2 Qe3 77. Kg2 Qc3 78. Kh2 Qe1 79. Kh3 Kd6 80. Kg2 Ke7 81. Kf3 Qh4 82. Rh5 Qe1
83. Rf5 Ke6 84. Kg2 Qh4 85. Kf3 Qh3+ 86. Kf4 Qg2 {And now ...Qd2+ would win.} (
86... Qf1+ {with more complications.} 87. Kg5 Qc1+ 88. Kh5 Qh1+ 89. Kg5 Qb1)
87. Kg5 Qg3 88. Kh5 Qh3+ 89. Kg5 Qh2 90. Rf6+ Ke5 {...Qh7 is the strong threat.
} 91. Rf7 Ke4 {Strongly threatening ...Qd6.} 92. Rf5 Qh8 {White must now
prevent ...Qg7+.} 93. Rf4+ Ke3 {( -> ...Qg8+)} 94. Rf5 Ke2 95. Rf4 Qd8+ (95...
Qa1 {is interesting.} 96. Rf5 Qg7+ 97. Kf4 Qc3 98. Kg5 Qc1+) 96. Kh5 Qe8+ (
96... Qd1 {is more complex.} 97. Rf5 Qg1 98. Kh4 Qa7 99. Kg5 Kd1) 97. Kh4 Qe7+
(97... Qe3 {feels hotter.} 98. Rf5 Qg1 99. Re5+ Kd1 100. Rd5+ Kc2) 98. Kh5 $1
Qd8 {Threatens to win with ...Qh8+.} 99. Rf5 $1 Ke3 {aiming for ...Ke4.} 100.
Rf1 $1 Qh8+ 101. Kg5 $1 Qh7 {Hoping for ...Qh8.} 102. Rf5 Ke4 {White happily
takes the draw.  Weighted Error Value: White=0.45/Black=0.23} 1/2-1/2

[Event "FIDE Chesscom Grand Swiss 2021"]
[Site "Riga"]
[Date "2021.10.30"]
[Round "4.48"]
[White "Kuzubov, Yuriy"]
[Black "Miezis, Normunds"]
[Result "1-0"]
[WhiteElo "2624"]
[BlackElo "2467"]
[Annotator "TA"]
[PlyCount "141"]
[EventDate "2021.10.27"]
[EventType "swiss"]
[EventCountry "LAT"]
[Tiebreak "Cut1 Buchholz+Sonneborn-Berger (Swiss)"]
[SourceTitle "playchess.com"]
[Source "ChessBase"]
[SourceQuality "1"]

{[%evp 13,141,44,45,50,49,49,50,41,48,45,53,33,41,16,33,26,47,23,52,47,70,66,
62,60,72,55,54,0,0,0,46,46,54,56,64,44,34,64,62,66,55,10,10,0,37,29,79,15,27,6,
19,10,41,31,26,10,29,0,0,0,0,0,0,0,0,-54,11,14,16,0,0,0,0,0,0,0,0,0,0,0,0,0,0,
0,0,0,0,0,0,0,0,0,0,0,0,0,30,52,109,96,97,58,12832,12833,12833,12834,12834,
12835,12835,12835,12836,12835,12838,12835,12839,12838,12841,12841,12842,12843,
12844,12844,12845,12845,12845,12846,12849,12848,12849,12849]} 1. e4 c5 2. Nf3
e6 3. d4 cxd4 4. Nxd4 a6 5. Bd3 Ne7 6. O-O Nbc6 7. Nxc6 {7.Nxc6 was played by
the boomers.} Nxc6 8. Be3 {B42: Sicilian: Kan Variation: 5 Bd3.} Be7 9. c4 b6
10. Nc3 {White is slightly better.} Bc5 {[#]} 11. Qd2 $146 ({Predecessor:} 11.
Qh5 d6 12. Bg5 Qc7 13. Kh1 Ne5 14. Be2 Ng6 15. Rad1 Bb7 16. a3 e5 17. b4 Bd4
18. Nd5 Bxd5 19. cxd5 Qc2 20. Rc1 Qa4 21. Qh3 O-O {1/2-1/2 (21) Hergott,
D-Kochyev,A (2540) Graz 1981}) 11... O-O 12. f4 d6 13. Kh1 Rb8 14. Rad1 Qe7 15.
a3 a5 16. Bc2 Ba6 17. Ba4 Rbc8 18. Bb5 Bb7 19. Na4 Qc7 20. Nxc5 (20. f5 $14)
20... dxc5 $11 21. Qd6 e5 22. fxe5 Nxe5 23. Bf4 Qxd6 24. Rxd6 f6 25. Rxb6 Bxe4
26. Kg1 Rcd8 27. Re1 Ba8 28. Be3 Nd3 29. Rd1 Nxb2 30. Rdd6 (30. Rxd8 $1 $16
Rxd8 31. Bxc5) 30... Nd3 31. Bd2 Be4 32. Bxa5 Ra8 33. Ra6 Rxa6 34. Bxa6 Ne5 (
34... Kf7 {seems wilder.} 35. Bd8 Nb2 36. Bb5 Bd3 37. a4 Bxc4 38. Bc7 Ra8) 35.
Bc3 Nf7 36. Re6 Ng5 37. Rb6 Rd8 38. h4 Nf7 39. Re6 (39. Rb5 $11) 39... Nd6 (
39... Rd1+ $1 $15 40. Kf2 Nd6) 40. Ba5 Rd7 {[#] Strongly threatening ...Bf5.}
41. Bc7 $1 Rxc7 42. Rxd6 {[%mdl 4096] Endgame KRB-KRB} Kf7 43. Bb5 Ke7 44. Rd2
Ra7 45. a4 Ke6 46. Kf2 f5 47. Ke3 g6 48. g3 h6 49. Rd8 g5 50. Rh8 Ke5 51. Re8+
Kd6 52. hxg5 hxg5 53. Rg8 Bc2 54. Rxg5 Bxa4 55. Kf4 {Rg6+ is the strong threat.
} Ra5 (55... Ke6 $14) 56. Rg6+ $16 ({Don't play} 56. Kxf5 $6 Bxb5 57. Rg6+ Ke7
$11) 56... Ke7 57. Rb6 $1 Bxb5 $4 {[%mdl 8192] Black cannot hold the game
after this.} (57... Bc2 $14) 58. Rxb5 $14 {KR-KR. White is clearly winning.} ({
Not} 58. cxb5 c4 $11) 58... Ra1 59. Kxf5 Kd6 {[#]} 60. Rb6+ $1 Kc7 {[#]} 61.
Re6 $1 {[%cal Re6e7]} Rf1+ 62. Ke5 Rd1 63. Rf6 Kd7 64. Rf4 Ke7 65. g4 Rd2 66.
g5 Rd1 67. g6 Rg1 68. Rf7+ Ke8 69. Kf6 Rg4 70. Re7+ Kd8 71. Re5 {Weighted
Error Value: White=0.09/Black=0.11} 1-0

[Event "FIDE Chesscom Grand Swiss 2021"]
[Site "Riga"]
[Date "2021.10.30"]
[Round "4.49"]
[White "Bjerre, Jonas Buhl"]
[Black "Adhiban, B.."]
[Result "1-0"]
[WhiteElo "2569"]
[BlackElo "2672"]
[Annotator "TA"]
[PlyCount "87"]
[EventDate "2021.10.27"]
[EventType "swiss"]
[EventCountry "LAT"]
[Tiebreak "Cut1 Buchholz+Sonneborn-Berger (Swiss)"]
[SourceTitle "playchess.com"]
[Source "ChessBase"]
[SourceQuality "1"]

{[%evp 24,87,54,43,49,36,48,27,46,-23,44,26,106,107,135,84,81,93,104,62,103,79,
102,101,161,13,150,36,129,164,145,145,154,151,160,159,168,160,163,166,163,162,
163,160,256,256,256,253,594,564,667,563,922,368,4133,3611,2452,2254,6087,6428,
6536,5535,29984,29985,29985,29986]} 1. e4 c5 2. Nf3 Nc6 3. d4 cxd4 4. Nxd4 Nf6
5. Nc3 d6 6. Bg5 a6 7. Qd2 e6 8. O-O-O Bd7 9. f4 b5 10. Bxf6 gxf6 11. Kb1 Qb6
12. Nxc6 Bxc6 13. f5 h5 {B67: Sicilian: Richter-Rauzer: 7...a6 8 0-0-0 Bd7,
lines without 9 f4 Be7.} 14. fxe6 fxe6 15. Qf4 {has lost popularity (15.Bd3).}
Be7 {White has an edge.} 16. g3 (16. Bd3 $14) 16... Qc5 (16... b4 $11 17. Ne2
e5) 17. Bh3 $14 Bd7 (17... Kf7 $11) 18. Ne2 $16 Kf7 19. Qd2 {[#]} ({White
should try} 19. Qf3) 19... h4 $146 ({Predecessor:} 19... Rac8 20. Rhf1 Rc7 21.
Nd4 Rg8 22. Rf3 Qg5 23. Qd3 Qe5 24. Rf2 Rc4 {1-0 (42) Sankalp,G (2359)-Dai,C 
(2480) Xingtai 2019}) 20. Nf4 {And now e5! would win.} Rag8 21. Rdf1 Bc8 22.
Qe1 hxg3 23. hxg3 Qg5 {[#]} (23... a5 $16 {keeps fighting.}) 24. Rh2 ({White
should play} 24. a3 $1 $18) 24... Rh6 (24... e5 $11 25. Bxc8 Rxh2 26. Be6+ Kf8)
25. Rfh1 (25. Qc3 $16) 25... Rgh8 (25... Bf8 $14) 26. Qc3 {Black must now
prevent Qxc8!} e5 27. Qxc8 {[%mdl 64] Remove Defender} ({But not} 27. Qb3+ $6
Ke8 $11) 27... Rxc8 28. Be6+ {[%mdl 64] Discovered Attack} Kg7 29. Rxh6 Qxh6
30. Rxh6 Kxh6 31. Bxc8 exf4 32. gxf4 {[%mdl 4096] Endgame KB-KB} a5 {[#]} 33.
c3 $1 d5 (33... b4 $16 34. cxb4 axb4) 34. exd5 $18 Bd6 35. Bd7 b4 $2 (35... Kg6
36. Kc2 (36. Bxb5 Kf5 $16) 36... Bxf4) 36. Kc2 Bxf4 37. Kb3 bxc3 38. bxc3 {
[%cal Bb2c3,Bc3c4][%mdl 32]} Kg7 $2 (38... Kg5 39. Ka4 Bc7) 39. c4 Be3 40. Ka4
Kf7 41. Kb5 Ke7 42. Kc6 Ba7 43. d6+ Kd8 44. Bf5 {Weighted Error Value: White=0.
30/Black=0.83} 1-0

[Event "FIDE Chesscom Grand Swiss 2021"]
[Site "Riga"]
[Date "2021.10.30"]
[Round "4.51"]
[White "Meshkovs, Nikita"]
[Black "Paravyan, David"]
[Result "1/2-1/2"]
[WhiteElo "2550"]
[BlackElo "2642"]
[Annotator "TA"]
[PlyCount "197"]
[EventDate "2021.10.27"]
[EventType "swiss"]
[EventCountry "LAT"]
[Tiebreak "Cut1 Buchholz+Sonneborn-Berger (Swiss)"]
[SourceTitle "playchess.com"]
[Source "ChessBase"]
[SourceQuality "1"]

{[%evp 9,197,28,19,-33,-35,-94,-90,-116,-124,-125,-133,-111,-122,-167,-146,
-149,-131,-127,-142,-134,-128,-137,-125,-150,-71,-58,-74,-64,-58,-72,-32,-24,
-16,-28,0,0,0,0,0,-2,-3,-4,0,0,0,-9,-7,-7,-17,-52,-14,-36,0,0,0,-171,-178,-173,
-8,-15,-8,-8,0,-8,-8,-8,-8,-16,-18,-29,-35,-29,-37,-36,-8,-8,-8,-15,-8,-24,-33,
-43,-30,-65,-62,-61,-73,-80,-19,-30,-29,-44,0,0,0,0,0,0,0,0,0,0,0,0,0,0,11,0,
12,0,0,0,13,14,14,0,0,0,144,126,83,141,85,0,0,0,0,0,0,0,0,0,0,0,0,0,0,0,0,0,0,
-385,-197,-180,-180,-180,-175,-173,-173,-166,-118,-89,-99,-145,0,0,0,0,0,0,0,
-28000,-28000,-28000,-28000,-28000,-28000,-28000,-28000,-28000,-28000,-28000,
-28000,-28000,-28000,-28000,-28000,-28000,-28000,-28000,-28000,-28000,-28000,
-28000,-28000,-28000,-28000,-28000,-28000,-28000]} 1. Nf3 d5 2. d4 Nf6 3. c4 e6
4. Nc3 Be7 5. Bf4 O-O 6. c5 {D37: Queen's Gambit Declined: 5 Bf4.} ({White
should try} 6. e3 $11) 6... b6 $15 7. b4 (7. cxb6 $1 $15 axb6 8. e3) 7... a5 $1
$17 8. a3 {Black is better.} Ne4 9. Rc1 axb4 (9... bxc5 $6 10. bxc5 g5 11. Bg3
$11) 10. axb4 Nc6 (10... bxc5 11. bxc5 c6 12. g3 $15) 11. b5 Na5 {[#]} 12. e3
$5 $146 {[%mdl 8] New and interesting.} ({Predecessor:} 12. c6 Nxc3 13. Rxc3
Bb4 14. Bd2 Nc4 15. Rb3 Nxd2 16. Rxb4 Ne4 17. e3 Ra2 18. Rg1 {0-1 (39) Purygin,
A (2256)-Alavkin,A (2439) Samara 2009}) 12... bxc5 13. dxc5 Nxc5 14. Be2 Ncb3
15. Rb1 Bb4 16. Qc2 {and if 0-0 works, White does fine.} d4 ({Better is} 16...
Qe7 17. O-O Qc5) 17. Nxd4 Nxd4 18. exd4 Qxd4 {[%mdl 64] Double Attack} 19. Be5
Qc5 20. O-O Bb7 {And now ...Rfd8 would win.} 21. Qd3 Rad8 22. Qg3 {[%csl Ge5]
[%cal Rg3g7]} f6 23. Bxc7 Qxc3 (23... Bxc3 $6 24. Rbc1 $16) 24. Bxd8 Rxd8 $40 {
[%mdl 128] Black has some attack.} 25. Qg4 Bc5 26. Qxe6+ Kf8 $1 27. Rbc1 Qb3
28. Qg4 {[#]} Rd4 $1 29. Qg3 (29. Qf5 Qd5) 29... Bd6 30. Qc3 Qd5 {[%csl Gb7]
[%cal Rd5g2]} 31. Bf3 {[%cal Rf3d5]} Qe5 {[%csl Gd6][%cal Re5h2]} 32. g3 $2 (
32. Rfe1 $1 $11 {and White is okay.} Qxh2+ 33. Kf1) 32... Bb4 $19 33. Qe3 Qxe3
(33... Bd2 $1 $19 {[%cal Rd2e3]} 34. Qxe5 fxe5 35. Bxb7 Bxc1 36. Rxc1 Nxb7) 34.
fxe3 $11 Rd7 35. Bxb7 Rxb7 36. Rf5 Ke7 37. Rd5 $1 Rd7 38. Rd4 Bd2 39. Rxd7+
Kxd7 40. Rd1 Nc4 41. Kf2 {With the idea Ke2.} Ke6 42. e4 Ba5 43. Kf3 Bb6 44.
Ke2 Nd6 45. Kd3 Ke5 (45... Nxb5 $2 46. Rb1 $18) 46. Re1 h5 ({Not} 46... Nxb5 $2
47. Rb1 $18) 47. Rc1 Nxe4 ({Wrong is} 47... Nxb5 $2 48. Rb1 $18) 48. Rc8 {
aiming for Re8+.} Kf5 (48... Nd6 $17 49. Rg8 g5) 49. Rc6 Bg1 50. h3 Nxg3 51.
Rc1 Bf2 52. Rc2 Bb6 53. Rc6 Ba5 (53... Ba7 {feels hotter.} 54. Rc7 Bb8 55. Rxg7
Ne4 56. b6 Nf2+) 54. Ra6 Bc7 (54... Bb4 {is more complex.} 55. Kc4 Bd2 56. b6
Bf4 57. b7 g5) 55. Ra7 Be5 56. Rxg7 Ne4 57. b6 Kf4 (57... Ke6 {looks sharper.}
58. Rh7 Kd5 59. Rxh5 Nd6 60. h4 Kc6) 58. Rh7 Nf2+ 59. Ke2 Ne4 60. Kd3 Nf2+ 61.
Kc4 Kg5 62. Re7 (62. Rd7 {seems wilder.} Ne4 63. Re7 Nd6+ 64. Kd5 Bf4 65. Re1)
62... Bf4 63. b7 h4 {[#]} (63... Nxh3 $11 64. Re4 Bh2) 64. Re3 $3 $16 {[%cal
Re3f3][%mdl 512] Threatens to win with Rf3.} Bb8 65. Re8 Bf4 66. Kd5 (66. Rg8+
$16 Kf5 67. Rg1 (67. Rh8 Kg5 $18)) 66... Nxh3 $11 67. Ke4 Kg4 68. Kd3 Kf3 {
Strongly threatening ...Nf2+.} 69. Rf8 Nf2+ (69... Be5 {is interesting.} 70.
Kd2 Nf4 71. Rxf6 h3 72. Rf5 Bc7) 70. Kd4 Ng4 71. Rh8 (71. b8=Q {is more
complex.} Bxb8 72. Rxb8) 71... Ne3 72. Kd3 Nf5 73. Rf8 (73. b8=Q {keeps more
tension.} Bxb8 74. Rxb8) 73... h3 74. Rxf6 Kg4 {...h2 is the strong threat.}
75. Rg6+ $2 {[%mdl 8192] [#]} (75. Rc6 $11 Kg5 76. Rc4) 75... Kh5 $1 $19 {
[%cal Rh5g6]} 76. Rg1 Ng3 77. Rb1 {[#]} Bb8 $1 {White must now prevent ...h2.}
78. Kd4 h2 {Hoping for ...Ne2+.} 79. Kd5 Ne2 {( -> ...Nc3+)} 80. Rh1 Kg4 81.
Ke6 Kh3 (81... Nd4+ $17 82. Kd7 Bg3) 82. Kd7 $1 $11 Nd4 $2 {[%mdl 8192]} (82...
Ng1 $11) 83. Kc8 Nc6 84. Rc1 $1 Kg4 85. Rxc6 h1=Q {Mate.} 86. Rc4+ Kf5 87. Kxb8
{[%mdl 4096] Endgame KQ-KR} Ke6 88. Ka7 Qg1+ 89. Ka6 Qa1+ 90. Kb6 Qb2+ 91. Kc7
Qe5+ 92. Kc8 Qh8+ 93. Kc7 Qg7+ 94. Kb6 Qb2+ 95. Kc7 Qe5+ 96. Kc8 Qh8+ 97. Kc7
Qg7+ 98. Kb6 Qb2+ 99. Kc7 {[%mdl 32768] Weighted Error Value: White=0.11/
Black=0.16. An unexpected result.} 1/2-1/2

[Event "FIDE Chesscom Grand Swiss 2021"]
[Site "Riga"]
[Date "2021.10.30"]
[Round "4.52"]
[White "Rakotomaharo, Fy Antenaina"]
[Black "Ivic, Velimir"]
[Result "0-1"]
[WhiteElo "2484"]
[BlackElo "2606"]
[Annotator "TA"]
[PlyCount "120"]
[EventDate "2021.10.27"]
[EventType "swiss"]
[EventCountry "LAT"]
[Tiebreak "Cut1 Buchholz+Sonneborn-Berger (Swiss)"]
[SourceTitle "playchess.com"]
[Source "ChessBase"]
[SourceQuality "1"]

{[%evp 16,120,14,0,0,-4,0,0,0,0,0,0,32,27,35,0,0,0,0,0,0,0,0,-52,-65,-63,-64,
-79,-103,-80,-35,-41,-15,-25,-6,-12,0,0,0,-18,0,0,3,8,22,23,22,-35,0,0,23,25,
20,0,0,0,0,0,0,0,0,0,0,0,0,0,0,0,0,0,0,0,0,0,0,-8,0,0,0,-56,-64,-76,-80,-254,
-252,-252,-242,-267,-247,-416,-226,-1735,-1759,-7864,-6898,-6596,0,0,0,-6282,
-6282,-5489,-1070,-6275,-6275,-1807,-920]} 1. e4 c5 2. Nf3 Nc6 3. d4 cxd4 4.
Nxd4 Nf6 5. Nc3 e5 6. Ndb5 d6 7. Nd5 Nxd5 8. exd5 Nb8 9. Qf3 a6 {B33: Sicilian:
Pelikan and Sveshnikov Variations.} 10. Qa3 Be7 11. Bg5 f6 {The position is
equal.} 12. Be3 O-O 13. O-O-O Bf5 14. Nc3 Nd7 {[#]} 15. Rg1 $146 ({Predecessor:
} 15. f3 b5 16. h4 Qb8 17. Ne4 {1-0 (17) Miettinen,K (2251)-Ivanov,H (2401)
LSS email 2008}) 15... Bg6 16. g4 $1 b5 17. h4 Rb8 18. Qxa6 b4 19. Na4 ({
Better is} 19. Nb5 $11) 19... Ra8 $15 {[%mdl 1024] Black has compensation.} 20.
Qb5 Qc7 {[%csl Gg6][%cal Rc7c2] [#]} 21. Rd2 Rfb8 22. Qc6 Qd8 {aiming for ...
e4.} 23. b3 $1 Be8 {Hoping for ...Nc5.} 24. Qc4 Nf8 25. Qe4 $1 Bxa4 26. bxa4
Rxa4 27. Bc4 Qa5 28. Kd1 b3 29. cxb3 Rxa2 {[#] Threatens to win with ...Ra1+.}
30. Ke2 Bd8 31. Qb1 (31. Rc1 $11) 31... Rxd2+ 32. Bxd2 Qc5 33. Be3 Qb4 34. Qa2
Bb6 35. Ra1 Bd4 36. Bxd4 exd4 37. Qd2 {And now Qxb4 would win.} Re8+ 38. Kd1
Qc5 39. Ra5 Qc7 40. Ra4 Ng6 41. h5 Ne5 42. Qxd4 Nxc4 43. Rxc4 $11 {[%mdl 4096]
Endgame KQR-KQR} Qa5 {( -> ...Qe1+)} 44. b4 Qa2 45. Rc2 Qb1+ $40 {[%mdl 128]
Black mounts an attack.} 46. Rc1 $1 {[%cal Rc1b1]} Qb3+ 47. Kd2 ({White should
try} 47. Rc2 $11) 47... h6 $1 $15 48. Rc2 Qf3 {...Re4! is the strong threat.}
49. Kc1 $2 (49. Rc3 $17 {might work better.} Qe2+ 50. Kc1) 49... Re4 $19 50.
Qc3 Qf4+ ({Weaker is} 50... Qxg4 51. Qc8+ Qxc8 52. Rxc8+ Kh7 53. b5 $14) 51.
Qd2 {Strongly threatening Qxf4.} Qxg4 52. b5 $2 (52. Qd1 Qg5+ 53. Qd2 Qxh5 54.
Kb2) 52... Rb4 (52... Qg1+ $142 53. Kb2 Qf1) 53. Qd3 $2 (53. Qe2 Qxe2 54. Rxe2
Rxb5 55. Rd2) 53... Qg1+ 54. Kd2 Qxf2+ 55. Kc3 Qc5+ 56. Kd2 Qf2+ 57. Kc3 $1
Qe1+ {Black is clearly winning.} 58. Rd2 Rb1 (58... Ra4 $142 59. Kb2 Qa1+ 60.
Kb3 Ra3+ 61. Kb4 Rxd3 62. Rxd3 Kf7) 59. Qf5 Qe3+ 60. Kc4 Rc1+ {Weighted Error
Value: White=0.49/Black=0.33} 0-1

[Event "FIDE Chesscom Grand Swiss 2021"]
[Site "Riga"]
[Date "2021.10.30"]
[Round "4.53"]
[White "Georgiev, Kiril"]
[Black "Vokhidov, Shamsiddin"]
[Result "1-0"]
[WhiteElo "2577"]
[BlackElo "2521"]
[Annotator "TA"]
[PlyCount "93"]
[EventDate "2021.10.27"]
[EventType "swiss"]
[EventCountry "LAT"]
[Tiebreak "Cut1 Buchholz+Sonneborn-Berger (Swiss)"]
[SourceTitle "playchess.com"]
[Source "ChessBase"]
[SourceQuality "1"]

{[%evp 13,93,21,49,16,37,31,46,40,37,37,37,46,50,37,75,77,96,87,173,145,141,
102,102,78,120,135,199,196,222,-387,-385,-699,-695,-660,158,165,203,208,195,
181,210,186,233,214,221,229,216,234,506,497,493,487,600,595,610,610,565,513,
576,581,1831,1679,29968,29969,29967,29969,29969,29970,29969,29970,29970,29971,
29976,29977,29977,29978,29978,29979,29979,29980,29980,29981]} 1. e4 c5 2. Nf3
e6 3. Nc3 Nc6 4. d4 cxd4 5. Nxd4 Qc7 6. g3 a6 7. Bg2 h5 8. h3 {B47: Sicilian:
Taimanov: 5 Nc3 Qc7 6 f4, 6 g3 and 6 Be2.} Nf6 9. O-O h4 10. g4 {White is
slightly better.} Nxd4 11. Qxd4 Bc5 12. Qd3 d6 13. Be3 Bd7 {[#]} 14. Bxc5 $146
({Predecessor:} 14. e5 dxe5 15. Bxc5 Qxc5 16. Bxb7 Rb8 17. Qxa6 O-O 18. a4 Qc7
19. Bg2 Rxb2 20. Qd3 {1-0 (72) Shevelev,A (2282)-Stasans,A (2095) Bucharest
2019}) 14... dxc5 15. Qe3 e5 (15... Bc6 $16 {keeps fighting.}) 16. Rad1 Be6 17.
Nd5 Bxd5 18. exd5 {Threatens to win with d6.} O-O-O 19. Rfe1 Rhe8 (19... Ne8
$16) 20. Qg5 $18 e4 21. Bxe4 $4 {[%mdl 8192]} Nxe4 $19 ({And not} 21... Rxe4
22. Rxe4 Nxe4 23. Qf5+ Rd7 24. Qxe4 $16) 22. Rxe4 (22. Qf5+ Qd7 23. Qf4) 22...
Rxe4 23. Qf5+ {[#]} Qd7 $2 (23... Re6 $1 $19 {[%mdl 512]} 24. Rf1 (24. b3 Qe5)
24... g6 $1 {[%mdl 512]}) 24. Qxe4 $16 {[%mdl 4096] Endgame KQR-KQR} Re8 25.
Qf3 Re5 26. Kg2 f5 27. c4 g6 28. b3 fxg4 29. hxg4 ({Much less strong is} 29.
Qxg4 $6 Qxg4+ 30. hxg4 Re2 $16) 29... Qd6 30. Rd3 Kd7 $2 (30... g5 {is a
better defense.} 31. Qf7 Qe7) 31. Re3 $18 Rxe3 32. Qxe3 {KQ-KQ} ({Less strong
is} 32. fxe3 Qe7 $16) 32... Qf6 33. g5 Qd4 {Now ...Qg4+ and Black clings on.}
34. Kh3 Kd8 35. Qf3 Ke8 36. a4 a5 37. Qf6 Qe4 38. Qe6+ {White mates.} Qxe6+ 39.
dxe6 {KP-KP} Ke7 40. Kxh4 Kxe6 41. Kg4 Ke5 42. f3 Kd4 43. Kf4 $1 {[%cal Rf4g4]}
b6 {[#]} 44. Kg3 $1 {[%cal Rg3f4]} Kd3 45. Kf2 Kd4 {[#]} 46. Ke2 $1 {[%cal
Re2d2]} Ke5 47. Ke3 {Weighted Error Value: White=0.30/Black=0.56} 1-0